Načítá se...
ഹിരണ്യകശിപു /
| Hlavní autor: | |
|---|---|
| Médium: | Printed Book |
| Jazyk: | Malayalam |
| Vydáno: |
തൃശൂർ :
മംഗളോദയം ,
1967.
|
| Témata: |
| LEADER | 00639nam a2200157Ia 4500 | ||
|---|---|---|---|
| 008 | 111205s1967 ii 000 f mal d | ||
| 041 | |a mal | ||
| 100 | 1 | |a മുഹമ്മദ്, എൻ .പി . |9 1579418 |d 1928-2003 | |
| 245 | |a ഹിരണ്യകശിപു / |c എൻ.പി. മുഹമ്മദ് | ||
| 246 | |a Hiranya Kasipu / | ||
| 260 | |b മംഗളോദയം , |a തൃശൂർ : |c 1967. | ||
| 300 | |a 538pages. | ||
| 650 | 7 | |2 fast |9 1069248 |a Malayalam fiction | |
| 942 | |c BK | ||
| 999 | |c 214870 |d 214870 | ||
| 952 | |0 0 |1 0 |4 0 |6 S_6R6 |7 0 |9 237577 |a MAL |b MAL |c SEC |d 1994-06-25 |g 10.00 |j 127 |l 0 |o S6R6 |p MAL2574 |r 2015-04-13 |v 10.00 |w 2015-04-13 |y BK |k 1.00 | ||